000 00868cas a2200289 i 4500
999 _c208111
_d208111
001 17612552
003 UPN
005 20210623140603.0
007 t|
008 130204c20149999ilufr p | a0eng
022 0 _a2326-4462
_21
035 _a(OCoLC)ocn826636445
040 _aDLC
_beng
_cDLC
_dDLC
_dOCoLC
_dCU-S
_dOCLCF
_dDLC
_erda
050 0 0 _aD1
_b.C75
222 0 _aCritical historical studies
245 0 0 _aCritical historical studies.
246 1 _aCHS
310 _aTwice a year
650 0 _aHistory
_vPeriodicals.
650 0 _aSocial history
_vPeriodicals.
650 7 _aHistory.
_2fast
_0(OCoLC)fst00958235
650 7 _aSocial history.
_2fast
_0(OCoLC)fst01122498
710 2 _aUniversity of Chicago.
_bPress.
710 2 _aChicago Center for Contemporary Theory.
942 _2lcc
_cISSUE